000 00929nam a2200217Ii 4500
003 JO-AjNU
008 230605s9999||||xx |||||||||||||| ||und||
020 _a1-56564-341-0
040 _aJO-AjNU
_bara
_erda
_cJO-AjNU
041 _aara
050 1 4 _aBP173.75.U9222 2010
100 3 _aعويضة، عدنان عبد الله محمد,
_eauthor
_952465
245 0 0 _aنظرية المخاطرة في الإقتصاد الإسلامي دراسة تأصيلية تطبيقية
250 _aط1
264 3 1 _aفيرجينيا: المعهد العالمي للفكر الاسلامي، 2010
300 _a351ص
_bقائمة المصادر والمراجع ص 327-347 ؛ الكشاف ص 349-351
336 _atext
_btxt
_2rdacontent
337 _aunmediated
_bn
_2rdamedia
338 _avolume
_bnc
_2rdacarrier
650 4 _aالاسلام والاقتصاد- اضرار المخاطرة- الاقتصاد الاسلامي
_952466
999 _aA23242
_c26810
_d26810